000
00306nam a22001337a 4500
008
170829b xxu||||| |||| 00| 0 eng d
020
_a
9780534561918
041
_a
eng
080
_2
2ND
_a
070
100
_a
39
101
_a
MED
245
_a
MANAGEMENT OF ELETRONIC MEDIA
_c
ALBARRAN,A.B
942
_2
udc
_c
BK
999
_c
25241
_d
25241